Vita di San Franceco Borgia : terzo generale della Compagnia di Gesú /

Biografía San Francisco de Borja (1510-1572), tercer general de la Compañía de Jesús, quien naciera en Gandía, reino de Valencia, en 1510 en el seno de una familia noble. Caballerizo mayor de la esposa de Carlos V y duque de Gandía, renunció a todos sus títulos tras la muerte de su mujer (1546) e in...

Descrizione completa

Salvato in:
Dettagli Bibliografici
Autore principale: Ribadeneyra, Pedro de (autor)
Natura: Libro
Lingua:italiano
Pubblicazione: Turín, Italia : Pietro di G. Marietti, 1869
Soggetti:
Tags: Aggiungi Tag
Nessun Tag, puoi essere il primo ad aggiungerne!!

MARC

LEADER 00000nam^a2200000^a^4500
001 000430750
005 20250526000000.0
009 20260310122931.726
037 |a Acervo Xavier Clavigero 
041 |a ITA 
082 |a 255. 530092  |b RIB 
100 |a Ribadeneyra, Pedro de  |e (autor) 
245 1 0 |a Vita di San Franceco Borgia :  |b terzo generale della Compagnia di Gesú /  |c P. de Ribadeneyra. 
264 4 |a Turín, Italia :  |b Pietro di G. Marietti,  |c 1869 
300 |a XVI, 578 ;  |c 18.5 cm. 
336 |a texto  |b txt  |2 rdacontenido 
337 |a sin mediación  |b n  |2 rdamedio 
338 |a volumen  |b nc  |2 rdasoporte 
520 |a Biografía San Francisco de Borja (1510-1572), tercer general de la Compañía de Jesús, quien naciera en Gandía, reino de Valencia, en 1510 en el seno de una familia noble. Caballerizo mayor de la esposa de Carlos V y duque de Gandía, renunció a todos sus títulos tras la muerte de su mujer (1546) e ingresó a la orden de los jesuitas. San Ignacio de Loyola le confió la misión de propagar los colegios de la Compañía en España. 
561 |a Ex libris de Biblioteca Juniorado San José 
561 |a Ex libris de Instituto de Literatura Puente Grande, Jal. 
561 |a Ex libris de Residentia Angelorum S.I. Mexici 
649 |a XX 
650 |a Jesuitas Españoles -  |x Biografías 
650 |a Santos Españoles -  |x Biografías 
650 |a Nobles Españoles -  |x Biografías 
650 |a Políticos Españoles -  |x Biografías 
650 |a Monasticismo y Ordenes Religiosas -  |x Historia -  |y Siglo XVI 
650 |a Iglesia Católica -  |x Historia -  |y Siglo XVI 
650 |a Catolicismo -  |x Historia -  |y Siglo XVI 
650 |a Cristianismo -  |x Historia -  |y Siglo XVI 
650 |a Política y Religión -  |z España -  |x Historia -  |y Siglo XVI 
650 |a Religión -  |x Historia -  |y Siglo XVI 
650 |a España -  |x Historia -  |y Siglo XVI 
650 |a España -  |x Historia -  |y Casa de Austria, 1516-1700 
650 |a Francisco, de Borja, Santo -  |x Tema Principal 
910 |a Fondo General 
920 |a Impresos - Libros 
930 |a Libros Antiguos y Raros 
940 |a Jesuitas 
905 |a 108 
901 |a 0500351350  |b IT2  |c LRA  |i 5342  |u 20250526 
902 |a https://opac.biblio.iteso.mx/vufind/Record/000430750